Transmisión monetaria en Costa Rica /

সংরক্ষণ করুন:
গ্রন্থ-পঞ্জীর বিবরন
প্রধান লেখক: Flores, Melania
অন্যান্য লেখক: Hoffmaister, Alexander W., Madrigal, Jorge, Villalobos, Lorely
বিন্যাস: পাঠ‍্য
বিষয়গুলি:
ট্যাগগুলো: ট্যাগ যুক্ত করুন
কোনো ট্যাগ নেই, প্রথমজন হিসাবে ট্যাগ করুন!

MARC

LEADER 00000 a a2200000 04500
001 3008
003
040
100 |a Flores, Melania  
245 |a Transmisión monetaria en Costa Rica /  |c Melania Flores ; Alexander W. Hoffmaister ; Jorge Madrigal ; Lorely Villalobos 
650 |a INTERES  
650 |a BANCOS  
650 |a ECONOMIA  
650 |a COSTA RICA  
700 |a Hoffmaister, Alexander W.  
700 |a Madrigal, Jorge  
700 |a Villalobos, Lorely  
773 |g volumen 19, número 1 -2;  
999 |c 36230  |d 36230